Hlohovec pred kostolom

Zobrazenie: V bielom orámovaní pohľad na námestie plného ľudí a s radom ľudí, tiahnucim sa od vchodu do kostola. V popredí v strede sú dva stánky. Vľavo je časť budovy Kostola sv. Michala Archanjela a vpravo je dom, pred ktorým sú stromy. V pozadí je rad domov a na jednom z nich je nápis "Stará...

Full description

Bibliographic Details
Other Authors: Huba (fotograf) (Photographer)
Format: Postcard
Language:Slovak
PhysicalDescription:1 pohľadnica čiernobiela 9 x 14 cm
Published: Hlohovec Rudolf Vacek Odbor Klubu čsl. turistov [medzi 1931 a 1948?]
Subjects:

MARC

LEADER 00000ckm a2200000 a 4500
001 vtls010097337
003 SK-MaSNL
005 20260512123314.0
007 kp bo
008 200701q1931 xo g kuslo
015 |a SNBG 
040 |a SNK  |b slo  |c SNK  |e AACR2 
041 0 |a slo 
043 |a e-xo--- 
044 |a xo  |c SK 
072 7 |a 913  |x Regionálna geografia  |2 konspekt 
080 |a 913(437.6)  |2 2011 
080 |a 904:72  |2 2011 
080 |a 726:27-523.42  |2 2011 
080 |a 721  |2 2011 
080 |a 711.61  |2 2011 
080 |a 625.712.4  |2 2011 
080 |a 904(084.121)  |2 2011 
100 1 |a Huba  |c (fotograf)  |4 pht  |9 432195 
245 1 0 |a Hlohovec  |h grafika  |b pred kostolom  |c fotoam. Huba 
260 |a Hlohovec  |b Rudolf Vacek  |b Odbor Klubu čsl. turistov  |c [medzi 1931 a 1948?]  |e Banská Bystrica  |f Luna 
300 |a 1 pohľadnica  |b čiernobiela  |c 9 x 14 cm 
500 |a Na adresnej časti uvedené: "Rudolf Vacek Hlohovec. Vydal odbor Klubu Čsl. turistov v Hlohovci" 
520 8 |a Zobrazenie: V bielom orámovaní pohľad na námestie plného ľudí a s radom ľudí, tiahnucim sa od vchodu do kostola. V popredí v strede sú dva stánky. Vľavo je časť budovy Kostola sv. Michala Archanjela a vpravo je dom, pred ktorým sú stromy. V pozadí je rad domov a na jednom z nich je nápis "Stará lekárňa" 
610 2 7 |a Kostol sv. Michala Archanjela (Hlohovec, Slovensko)  |2 SNKKA  |9 312912 
650 0 7 |a kostoly  |2 SNKPH  |9 3023 
650 0 7 |a budovy  |2 SNKPH  |9 1283 
650 0 7 |a námestia  |2 SNKPH  |9 26291 
650 0 7 |a národné kultúrne pamiatky  |2 SNKPH  |9 31192 
651 7 |a Hlohovec (Slovensko)  |2 SNKPHgeo  |9 31468 
655 7 |a miestne pohľadnice  |2 SNKPH  |9 70510 
655 7 |a pohľadnice kultúrnych pamiatok  |2 SNKPH  |9 70523 
958 |a GBN 
958 |a GC 
958 |a OND 
999 |c 747441  |d 749371 
952 |a SNK  |b SNK  |y PREZ  |7 0  |p 17A0655190  |o snkSP 9099  |z Pohľadnica prešla poštou.  |0 0  |1 0  |4 0  |d 2010-05-19  |f 1  |l 0  |r 2026-02-23 23:20:48  |w 2026-02-23